| 000 | 00866cam a2200265 a 4500 | ||
|---|---|---|---|
| 001 | 000005468 | ||
| 005 | 20200929151704.0 | ||
| 008 | 940104s1998 sp a b 001 0 spa d | ||
| 020 | _a8437610206 | ||
| 040 |
_aDO-SdBNP _bspa _cBNPHU |
||
| 082 |
_a862.2 _bE56t, 1998 |
||
| 100 | 1 |
_aEncina, Juan del, _d1468-1529? _915528 |
|
| 245 | 1 | 0 |
_aTeatro completo / _cJuan del Encina ; edición de Miguel Ángel Pérez Priego. |
| 250 | _a2a ed. | ||
| 260 |
_aMadrid : _bCátedra, _c1998. |
||
| 300 |
_a379 p. : _bil. ; _c18 cm. |
||
| 490 | 1 |
_aLetras hispánicas _v339 |
|
| 504 | _aIncluye referencias bibliográficas (p. 87-94) e índice. | ||
| 650 | 4 |
_aTeatro español _93071 |
|
| 650 | 4 |
_aLiteratura española _9632 |
|
| 700 | 1 |
_aPérez Priego, Miguel Ángel, _eed. _915529 |
|
| 830 | 0 |
_aLetras hispánicas ; _v339 _94208 |
|
| 910 | _aCatalogación derivada | ||
| 910 | _aWM | ||
| 999 |
_c5267 _d5267 |
||